| 000 | 01094nam a22001937a 4500 | ||
|---|---|---|---|
| 008 | 100718t1991 xxu||||| |||| 00| 0 ara d | ||
| 082 |
_222 _bن ي ص _a133.3239 |
||
| 100 | 1 |
_916374 _aنيصبات، جون |
|
| 245 |
_aالاتجاهات الكبرى عام 2000 : _bالتغيرات المهمة في حياتك وفي العالم خلال السنوات العشر القادمة / _cجون نيصبات، باتريشيا أبردين؛ مراجعة العجيلي الميري |
||
| 260 |
_aمالطا : _bمركز دراسات العالم الإسلامي ، _c1991. |
||
| 300 |
_a318 ص : _c24 سم . |
||
| 490 |
_916376 _aالدراسات المستقبلية ؛ _n1 |
||
| 541 |
_aألف باء ؛ _cشراء ؛ |
||
| 650 | 0 |
_916894 _aالمستقبلية (فلسفة) |
|
| 700 | 1 |
_916375 _aأبردين، باتريشيا |
|
| 700 | 1 |
_916377 _aالميري، العجيلي _eمراجع |
|
| 942 |
_2ddc _cBB |
||
| 999 |
_c14497 _d14497 |
||